| 000 | 00485nam a22001577a 4500 | ||
|---|---|---|---|
| 003 | OSt | ||
| 005 | 20140402110804.0 | ||
| 008 | 140402s2003 sp ||||| |||| 00| 0 cat d | ||
| 020 | _a8497790022 | ||
| 040 |
_bcat _cCPC Lleida |
||
| 110 |
_9363 _aLleida _b -- Ajuntament |
||
| 245 | 1 | 0 |
_aPublicacions periòdiques de Lleida (1854-2001) _b: Catàleg de l'hemeroteca de l'arxiu municipal de Lleida _c[Ajuntament Lleida] |
| 260 |
_aLleida _bPagès _c2003 |
||
| 300 |
_a147 p. _c24 cm |
||
| 942 | _cMON | ||
| 999 |
_c6708 _d6708 |
||